Statistics for Countries bordering China - One Minute Sprint

Click here to take the quiz!

General Stats

  • This quiz has been taken 158 times
  • The average score is 12 of 14

Answer Stats

Border LengthCountry% Correct
4,677 kmMongolia
98%
3,605 kmRussia
98%
3,380 kmIndia
97%
1,416 kmNorth Korea
96%
1,533 kmKazakhstan
91%
1,236 kmNepal
91%
1,281 kmVietnam
91%
470 kmBhutan
86%
423 kmLaos
85%
76 kmAfghanistan
83%
858 kmKyrgyzstan
83%
2,185 kmMyanmar
83%
523 kmPakistan
83%
414 kmTajikistan
80%

Score Distribution

Percentile by Number Answered

Percent of People with Each Score

Your Score History

You have not taken this quiz